<?xml version="1.0" encoding="UTF-8"?><?xml-stylesheet type="text/xsl" href="static/style.xsl"?><OAI-PMH xmlns="http://www.openarchives.org/OAI/2.0/" xmlns:xsi="http://www.w3.org/2001/XMLSchema-instance" xsi:schemaLocation="http://www.openarchives.org/OAI/2.0/ http://www.openarchives.org/OAI/2.0/OAI-PMH.xsd"><responseDate>2026-04-14T08:19:31Z</responseDate><request verb="GetRecord" identifier="oai:www.recercat.cat:2099.1/25069" metadataPrefix="marc">https://recercat.cat/oai/request</request><GetRecord><record><header><identifier>oai:recercat.cat:2099.1/25069</identifier><datestamp>2025-07-22T20:46:43Z</datestamp><setSpec>com_2072_1033</setSpec><setSpec>col_2072_452951</setSpec></header><metadata><record xmlns="http://www.loc.gov/MARC21/slim" xmlns:dcterms="http://purl.org/dc/terms/" xmlns:xsi="http://www.w3.org/2001/XMLSchema-instance" xmlns:doc="http://www.lyncode.com/xoai" xsi:schemaLocation="http://www.loc.gov/MARC21/slim http://www.loc.gov/standards/marcxml/schema/MARC21slim.xsd">
   <leader>00925njm 22002777a 4500</leader>
   <datafield ind2=" " ind1=" " tag="042">
      <subfield code="a">dc</subfield>
   </datafield>
   <datafield ind2=" " ind1=" " tag="720">
      <subfield code="a">Robredo García Valdecasas, Juan</subfield>
      <subfield code="e">author</subfield>
   </datafield>
   <datafield ind2=" " ind1=" " tag="260">
      <subfield code="c">2012-10-10</subfield>
   </datafield>
   <datafield ind2=" " ind1=" " tag="520">
      <subfield code="a">En este proyecto se definen las obras necesarias para la ejecución del “Proyecto constructivo&#xd;
de la variante de la C-1412b en Vilamitjana”.&#xd;
La obra permitirá evitar la partición del núcleo urbano, reducir el riesgo de accidentes y reducir&#xd;
la contaminación tanto acústica como medioambiental.&#xd;
El área de estudio se sitúa en la actual carretera C-1412b a su paso por Vilamitjana, Lerida. La&#xd;
variante va desde el PK 55+320 al PK 57+550, la zona de estudio comprende un área mayor a&#xd;
la del proyecto en sí, pues se tendrá muy en cuenta su impacto sobre el entorno.La zona de estudio pertenece al término municipal de Tremp, capital de la comarca&#xd;
denominada Pallars Jussà (Provincia de Lerida) y se encuentra al noroeste de Cataluña.&#xd;
Vilamitjana se encuentra al sureste de Tremp, al este del río Noguera Pallaresa y en la orilla&#xd;
izquierda del canal de Gavet, sobre una pequeña colina de la cuenca de Tremp. Al otro lado del&#xd;
río, se encuentra el pueblo de Palau de Noguera.</subfield>
   </datafield>
   <datafield tag="653" ind2=" " ind1=" ">
      <subfield code="a">Àrees temàtiques de la UPC::Enginyeria civil::Infraestructures i modelització dels transports::Transport per carretera</subfield>
   </datafield>
   <datafield tag="653" ind2=" " ind1=" ">
      <subfield code="a">Roads</subfield>
   </datafield>
   <datafield tag="653" ind2=" " ind1=" ">
      <subfield code="a">Carreteres -- C-1412</subfield>
   </datafield>
   <datafield ind2="0" ind1="0" tag="245">
      <subfield code="a">Variante de la C-1412 en Vilamitjana (Lleida)</subfield>
   </datafield>
</record></metadata></record></GetRecord></OAI-PMH>